• 首页
  • 本馆介绍
  • 公告通知
  • 最新文献
  • 馆藏检索
  • 电子资源
  • 读者导购
  • 参考咨询
  • 我的图书馆
  • 登录
  • 详细信息显示
  • 放入我的书架
  • 预约/预借图书
  • 作者相关作品
  • 分类相关作品
  • 丛书相关作品
  • 出版社相关作品

书目信息

  • 表格格式
  • 工作单格式
  • 卡片格式
题名:
严文井作品选
    
 
作者: 严文井 著
分册:  
出版信息: 北京   中国少年儿童出版社  1979
页数: 333页
开本: 19cm
丛书名:
单 册:
中图分类: I287.7 , I28
科图分类:
主题词: 童话--中国--现代--选集
电子资源:
ISBN:
000 00618nam0 2200229 450
001 1560598515
005 20150120165025.50
010    @dCNY0.80
091    @aR10056.431
100    @a19950720d1979 am y0chiy0110 ea
101 0  @achi
102    @aCN@b110000
105    @af z 000fy
200 1  @a严文井作品选@9yan wen jing zuo pin xuan@f严文井著
210    @a北京@c中国少年儿童出版社@d1979
215    @a333页@c图@d19cm
606 0  @a童话@y中国@z现代@x选集
690    @aI287.7@v5
690    @aI28@v4
701  0 @a严文井@9yan wen jing@f(1915.10~2005.7)@4著
801  0 @aCN@bTSSF@c20150120
905    @aZUCC@dI28@eJY3
    
    严文井作品选/严文井著.-北京:中国少年儿童出版社,1979
    333页:图;19cm
    
    
    ISBN :CNY0.80
    
●
相关链接 在E读中查询图书 在五车中查询图书 在当当中查询图书 在豆瓣中查询图书


正题名:严文井作品选     索取号:I28/JY3         预约/预借

序号 登录号 条形码 馆藏地/架位号 状态 备注
1 7836930   278369301   学院路分馆/ [索取号:I28/JY3] 在馆    
唐山师范学院图书馆 欢迎您!
大连网信软件有限公司© 版权所有